[Event "Chess.com Bullet op2"]
[White "Piotrowski, Przemyslaw"]
[Black "Kulkarni, Rakesh"]
[Site "Chess.com INT"]
[Round "21"]
[Result "1/2-1/2"]
[Date "2020.12.19"]
[WhiteElo "2241"]
[BlackElo "2321"]
[PlyCount "155"]
[EventDate "2020.12.19"]
[EventType "swiss (blitz)"]
[EventRounds "21"]
[EventCountry "USA"]
[SourceTitle "EXT 2022"]
[Source "ChessBase"]
[SourceDate "2021.10.06"]
[SourceVersion "1"]
[SourceVersionDate "2021.10.06"]
[SourceQuality "1"]

1. d4 Nf6 2. Nf3 c5 3. g3 cxd4 4. Nxd4 e5 5. Nb3 Nc6 6. Bg2 d6 7. c4 Be7 8. Nc3 0-0 9. 0-0 Be6 10. Nd5 Rc8 11. e4 Bxd5 12. exd5 Na5 13. Nxa5 Qxa5 14. b3 Nd7 15. Be3 f5 16. f4 Bf6 17. Rc1 e4 18. a3 Qxa3 19. Bd4 Bxd4+ 20. Qxd4 Qc5 21. Qxc5 Nxc5 22. Rc3 a5 23. Ra1 b6 24. Kf2 Kf7 25. Ke3 Ke7 26. Kd4 Rc7 27. Bf1 Rfc8 28. Be2 Nd7 29. Rb1 Rc5 30. b4 axb4 31. Rxb4 Ra8 32. Rbb3 Ra2 33. Ke3 Ra1 34. Ra3 Rxa3 35. Rxa3 b5 36. cxb5 Nb6 37. Ra7+ Kf6 38. Ra6 Nxd5+ 39. Kd4 Ke7 40. Ra7+ Kf6 41. Bc4 Nb6 42. Be2 Rc2 43. Ra6 Rxe2 44. Rxb6 Rd2+ 45. Kc3 Rd3+ 46. Kc4 Ke6 47. Rb8 d5+ 48. Kc5 e3 49. Re8+ Kd7 50. Re5 d4 51. b6 Rc3+ 52. Kxd4 Rb3 53. Rxe3 Rxb6 54. Re5 g6 55. Rd5+ Ke6 56. Re5+ Kf6 57. Re2 Rb4+ 58. Ke3 Rb3+ 59. Kf2 Rb4 60. Re3 Rc4 61. Kf3 Rc2 62. Re2 Rc3+ 63. Re3 Rc1 64. Re2 Rc6 65. Kg2 Re6 66. Rf2 Re4 67. g4 Re6 68. g5+ Kf7 69. Kf3 Re4 70. Re2 Rxf4+ 71. Kxf4 Kf8 72. h4 Kf7 73. h5 h6 74. hxg6+ Kxg6 75. gxh6 Kxh6 76. Rg2 Kh5 77. Rg4 fxg4 78. Kg3 1/2-1/2

[Event "Chess.com Bullet op2"]
[White "Polok, Kacper"]
[Black "Piotrowski, Przemyslaw"]
[Site "Chess.com INT"]
[Round "18"]
[Result "0-1"]
[Date "2020.12.19"]
[WhiteElo "2272"]
[BlackElo "2241"]
[PlyCount "66"]
[EventDate "2020.12.19"]
[EventType "swiss (blitz)"]
[EventRounds "21"]
[EventCountry "USA"]
[SourceTitle "EXT 2022"]
[Source "ChessBase"]
[SourceDate "2021.10.06"]
[SourceVersion "1"]
[SourceVersionDate "2021.10.06"]
[SourceQuality "1"]

1. e4 c5 2. Nc3 Nc6 3. Bb5 Qb6 4. Bxc6 Qxc6 5. Nf3 Nf6 6. d3 d5 7. 0-0 dxe4 8. dxe4 Bg4 9. h3 Bh5 10. Bg5 e6 11. Bxf6 gxf6 12. Qe2 Rg8 13. Rfd1 f5 14. Kh1 f4 15. Rd2 Be7 16. Rad1 h6 17. a3 a6 18. e5 Bxf3 19. gxf3 Rg5 20. Ne4 Rxe5 21. c4 f5 22. Rg1 fxe4 23. Rg8+ Kf7 24. Rxa8 e3 25. Rd1 exf2 26. Qd3 Re1+ 27. Kh2 Rxd1 28. Qh7+ Kf6 29. Qxh6+ Ke5 30. Qh5+ Kd4 31. Qg4 Rh1+ 32. Kxh1 f1Q+ 33. Kh2 Qcxf3 0-1

[Event "POL-chT 2nd League"]
[White "Eggink, Ryszard"]
[Black "Piotrowski, Przemyslaw"]
[Site "Poronin"]
[Round "8.1"]
[Result "1-0"]
[Date "2020.09.12"]
[WhiteElo "2398"]
[BlackElo "2274"]
[PlyCount "75"]
[EventDate "2020.09.05"]
[EventType "team-swiss"]
[EventRounds "9"]
[EventCountry "POL"]
[SourceTitle "CBM 198 Extra"]
[Source "ChessBase"]
[SourceDate "2020.11.30"]
[SourceVersion "1"]
[SourceVersionDate "2020.11.30"]
[SourceQuality "1"]
[WhiteTeam "Kopernik WKS"]
[BlackTeam "Wroclaw Polonia"]
[WhiteTeamCountry "POL"]
[BlackTeamCountry "POL"]

1. d4 Nf6 2. c4 g6 3. Nc3 Bg7 4. e4 d6 5. f3 0-0 6. Be3 e5 7. d5 Nh5 8. Qd2 f5 9. 0-0-0 Nd7 10. exf5 gxf5 11. Bd3 Nc5 12. Bc2 Qh4 13. g4 Nf4 14. Bxf4 exf4 15. gxf5 Bxf5 16. Bxf5 Rxf5 17. Nge2 a5 18. Nd4 Rff8 19. Rhg1 Kh8 20. Rg4 Qf6 21. Kb1 a4 22. a3 Rae8 23. Qc2 Re3 24. Nxa4 Nxa4 25. Qxa4 Rfe8 26. Qc2 Re1 27. Rxg7 Qxg7 28. Ne6 Rxd1+ 29. Qxd1 Qe5 30. Qa4 c6 31. Qb3 b5 32. cxb5 cxd5 33. Nc7 Rc8 34. Nxd5 Qe1+ 35. Ka2 Rc1 36. Qd3 Qe6 37. b6 Rc6 38. b7 1-0

[Event "POL-chT 2nd League"]
[White "Piotrowski, Przemyslaw"]
[Black "Rudnicki, Milosz"]
[Site "Poronin"]
[Round "5.2"]
[Result "0-1"]
[Date "2020.09.09"]
[WhiteElo "2274"]
[BlackElo "2176"]
[PlyCount "94"]
[EventDate "2020.09.05"]
[EventType "team-swiss"]
[EventRounds "9"]
[EventCountry "POL"]
[SourceTitle "CBM 198 Extra"]
[Source "ChessBase"]
[SourceDate "2020.11.30"]
[SourceVersion "1"]
[SourceVersionDate "2020.11.30"]
[SourceQuality "1"]
[WhiteTeam "Wroclaw Polonia"]
[BlackTeam "Grzybowo GKSz Solny"]
[WhiteTeamCountry "POL"]
[BlackTeamCountry "POL"]

1. d4 Nf6 2. Nf3 d5 3. c4 c6 4. g3 Bf5 5. Bg2 e6 6. 0-0 Nbd7 7. Nc3 Be7 8. b3 0-0 9. Bb2 Ne4 10. Nd2 Nxc3 11. Bxc3 Bg6 12. f3 e5 13. cxd5 cxd5 14. dxe5 Qb6+ 15. Kh1 Rac8 16. Bb2 Rc2 17. f4 Rxb2 18. Bxd5 Qe3 19. Nc4 Be4+ 20. Rf3 Qxe2 21. Nxb2 Bxf3+ 22. Bxf3 Qxb2 23. Bxb7 Nc5 24. Bf3 Rd8 25. Qc1 Qd4 26. Qf1 Nd3 27. Rb1 g5 28. fxg5 Qxe5 29. Rd1 Qe3 30. Kg2 Bxg5 31. h4 Be7 32. Bh5 Qe4+ 33. Kh2 Ne5 34. Re1 Qc2+ 35. Kh3 Qc8+ 36. Kh2 Rd2+ 37. Re2 Rxe2+ 38. Qxe2 Bd6 39. Qd2 Qc5 40. Qe2 Qd4 41. Kh3 Qd5 42. Kh2 Ng6 43. Bxg6 hxg6 44. Qf2 Qc5 45. Qg2 Qd4 46. Kh3 Qe3 47. Kh2 Kg7 0-1